000
00362nam a22001577a 4500
003
MPLRDC
005
20220104142605.0
008
210129b ||||| |||| 00| 0 eng d
082
_a
544.31 YHZ
100
_a
于海洲
245
_a
成家立业
_c
260
_a
_b
海洲出版社
_c
1972
300
_b
平
650
_a
婚姻指导
942
_c
BK
_o
544.31 YHZ
999
_c
32113
_d
32103